| 000 | 00602cab a2200205 4500 | ||
|---|---|---|---|
| 001 | WB3517-09 | ||
| 008 | 090401t1999 xxu||||| |||| 00| 0 eng d | ||
| 035 | _a(Sirsi) u93134 | ||
| 041 | _aeng | ||
| 245 | _aGet rid of the car | ||
| 260 | _c1999 | ||
| 350 | _a0 | ||
| 490 |
_aDaily Telegraph _v1 May 1999, 9(1) |
||
| 520 | _aCanterbury CC is pioneering a car-free housing scheme as part of the city's commitment to reducing traffic congestion. | ||
| 650 | _aCAR-FREE ZONES | ||
| 650 | _aTRAFFIC CONGESTION | ||
| 690 | _aENVIRONMENTAL AND LAND CONSULTANCY | ||
| 942 | _n0 | ||
| 948 | _c05/05/1999 | ||
| 999 |
_c59020 _d59020 |
||